Welcome to the Holygrace Academy Library

Please use search bar below to get started

TOP SCIENCE QUIZ (Record no. 6520)

MARC details
000 -LEADER
fixed length control field 00308nam a22001337a 4500
020 ## - INTERNATIONAL STANDARD BOOK NUMBER
ISBN 81-8269-590-2
082 ## - DEWEY DECIMAL CLASSIFICATION NUMBER
Classification number 001
Item number KAU/S
100 ## - MAIN ENTRY--AUTHOR NAME
Personal name KAUR, PARMINDER
245 ## - TITLE STATEMENT
Title TOP SCIENCE QUIZ
260 ## - PUBLICATION, DISTRIBUTION, ETC. (IMPRINT)
Place of publication DELHI
Name of publisher BLACK ROSE PUBLICATIONS
Year of publication 2009
300 ## - PHYSICAL DESCRIPTION
Number of Pages 195
650 ## - SUBJECT ADDED ENTRY--TOPICAL TERM
Topical Term GENERAL KNOWLEDGE
Geographic subdivision INDIA
942 ## - ADDED ENTRY ELEMENTS (KOHA)
Koha item type Books
Holdings
Withdrawn status Lost status Collection code Home library Current library Shelving location Date acquired Source of acquisition Cost, normal purchase price Full call number Accession Number Koha item type
    Fiction Main Library Main Library SHELF-17B-- G.K RELATED QUIZ BOOK 31/01/2019 purchase 65.00 001 KAU/S 10891 Books